|
|
|
|
| LEADER |
00000nas a2200000 i 4500 |
| 001 |
ssj0001075631 |
| 003 |
WaSeSS |
| 005 |
20200512172242.0 |
| 006 |
m d |
| 007 |
cr n |
| 008 |
131227c20uu9999xnaw| p|s|||||| |0eng d |
| 035 |
|
|
|a (WaSeSS)ssj0001075631
|
| 040 |
|
|
|a WaSeSS
|b eng
|c WaSeSS
|d WaSeSS
|
| 050 |
1 |
4 |
|a RA773
|
| 245 |
0 |
0 |
|a Health
|h [electronic resource] :
|b the pulse.
|
| 260 |
|
|
|a Ultimo, New South Wales :
|b Australian Broadcasting Corporation
|
| 310 |
|
|
|a Weekly
|
| 506 |
|
|
|a License restrictions may limit access.
|
| 588 |
|
|
|a Description based on: January 18, 2007; title from title screen (ProQuest, viewed Dec. 21, 2013).
|
| 588 |
|
|
|a Latest issue consulted: January 7, 2013 (viewed Dec. 21, 2013).
|
| 650 |
|
0 |
|a Health
|v Newspapers.
|
| 650 |
|
0 |
|a Medicine
|v Newspapers.
|
| 655 |
|
0 |
|a Electronic journals.
|
| 856 |
4 |
0 |
|z Full text available from Research Library: 01/18/2007 to 09/06/2012
|u https://search.proquest.com/publication/55137
|